00979nam a2200277 a 450000500170000000800410001704000250005804100080008304400070009108200170009811000650011524502000018026000370038030000160041765000250043365000100045865000100046865000280047865000270050665000310053365000180056465000430058265000190062565000190064466200380066320191224041605.0140228b1999 ck ||||| |||| 00| 0 spa d aCO-BoIAVHcCO-BoIAVH aspa ack a333.7 bI25e1 bInstituto de Investigaciones Ambientales del Pacífico IIAP1 aEstudio para el aprovechamiento de los recursos de flora y fauna en el Chocó biogeográfico y el pacífico colombianobcaso transecto Citará, corredor biológico serranía de Los Paraguas aQuibdó:bIIAP, bSENA; c1999. a125 paginas aUso de biodiversidad14aFlora14aFauna14aManejo de biodiversidad14aEspecies en cautiverio14aEspecies en semicautiverio14aRepoblación14aSistemas tradicionales de producción14aEtnobotánica14aEtnozoología aColombiacChocó biogeográfico